[Event "Vers la Matrise"]
[Site "Montreal CAN"]
[Date "1996.??.??"]
[Round "6"]
[White "Tremblay, Alain"]
[Black "Gladu, Pierre"]
[Result "1/2-1/2"]
[WhiteElo "1940"]
[BlackElo "2160"]
[PlyCount "132"]
[EventDate "1996.??.??"]
[EventType "swiss"]
[EventRounds "6"]
[EventCountry "CAN"]

1. e4 c6 2. d4 d5 3. Nd2 dxe4 4. Nxe4 Nd7 5. Bc4 Ngf6 6. Ng5 e6 7. Qe2 Nb6 8.
Bd3 h6 9. N5f3 c5 10. dxc5 Bxc5 11. Ne5 Nbd7 12. Nxd7 Bxd7 13. Nf3 Qc7 14. O-O
Bd6 15. Re1 Bc6 16. Ne5 Bxe5 17. Qxe5 Qxe5 18. Rxe5 Nd7 19. Re1 O-O 20. Bf4
Rfe8 21. f3 Nb6 22. c4 Red8 23. Rad1 Na4 24. Bc1 a5 25. Bc2 Nc5 26. Be3 b6 27.
b3 Kf8 28. Kf2 Ke7 29. Bf4 Rxd1 30. Rxd1 Rd8 31. Bc7 Rxd1 32. Bxd1 Nd7 33. Bc2
f5 34. Ke3 Kf6 35. a3 e5 36. Bd8+ Ke6 37. Bh4 g5 38. Bf2 f4+ 39. Ke2 Nc5 40. b4
axb4 41. axb4 Nd7 42. Bd3 h5 43. h3 h4 44. Be4 Kd6 45. Kd3 Ba4 46. Bxb6 Nxb6
47. c5+ Kc7 48. cxb6+ Kxb6 49. Kc4 Bb5+ 50. Kd5 Bf1 51. Bf5 Bxg2 52. Bg4 Kb5
53. Kxe5 Kxb4 54. Kf6 Kc5 55. Kxg5 Kd6 56. Kxf4 Ke7 57. Kg5 Bxf3 58. Bxf3 Kf7
59. Kxh4 Kg6 60. Be4+ Kh6 61. Kg4 Kg7 62. Kg5 Kh8 63. h4 Kg7 64. h5 Kh8 65. Kg6
Kg8 66. h6 Kh8 1/2-1/2

[Event "Weekend Before Xmas"]
[Site "Edmonton CAN"]
[Date "1996.12.21"]
[Round "1"]
[White "Ottosen, David"]
[Black "Olson, Hans"]
[Result "1-0"]
[WhiteElo "1980"]
[BlackElo "1605"]
[PlyCount "91"]
[EventDate "1996.12.21"]
[EventType "swiss"]
[EventRounds "5"]
[EventCountry "CAN"]

1. e4 e5 2. Nf3 Nc6 3. Bc4 Bc5 4. b4 Bxb4 5. c3 Ba5 6. d4 d6 7. O-O Bg4 8. Qb3
Qd7 9. d5 Nd8 10. Bg5 f6 11. Bb5 c6 12. dxc6 bxc6 13. Bc4 Bxf3 14. gxf3 Ne7 15.
Be3 d5 16. exd5 cxd5 17. Bb5 Ndc6 18. Qa4 O-O 19. Bc5 Qe6 20. Bxc6 Nxc6 21.
Bxf8 Rxf8 22. Qg4 f5 23. Qa4 Bb6 24. Na3 d4 25. Qc4 Qxc4 26. Nxc4 dxc3 27. Nxb6
axb6 28. Rfc1 Nd4 29. Kg2 Rc8 30. Rab1 b5 31. Kf1 Nxf3 32. Rxb5 Nxh2+ 33. Ke2
Ra8 34. Rc2 Ng4 35. f3 Nf6 36. Rxe5 g6 37. Rc5 f4 38. R5xc3 Nd5 39. Rc8+ Rxc8
40. Rxc8+ Kf7 41. a4 Nb6 42. Rc7+ Ke8 43. a5 Nd7 44. a6 Nb6 45. a7 Kd8 46. Rb7
1-0

[Event "Weekend Before Xmas"]
[Site "Edmonton CAN"]
[Date "1996.12.21"]
[Round "2"]
[White "Argue, Jimmy"]
[Black "Ottosen, David"]
[Result "0-1"]
[WhiteElo "1605"]
[BlackElo "1980"]
[PlyCount "90"]
[EventDate "1996.12.21"]
[EventType "swiss"]
[EventRounds "5"]
[EventCountry "CAN"]

1. d4 d5 2. e3 g6 3. Bd3 Nh6 4. f4 f6 5. c3 Bg7 6. Nf3 O-O 7. O-O Nd7 8. Nbd2
Nf7 9. b3 e5 10. Bb2 e4 11. Nxe4 dxe4 12. Bxe4 f5 13. Bd5 Nf6 14. Bc4 Kh8 15.
Bxf7 Rxf7 16. Ne5 Rf8 17. Ba3 Ne4 18. Bxf8 Qxf8 19. Rc1 Bxe5 20. dxe5 Be6 21.
h3 Qc5 22. Qd4 Kg7 23. Qxc5 Nxc5 24. c4 a5 25. Rcd1 a4 26. Rfe1 axb3 27. axb3
Nxb3 28. e4 Nc5 29. exf5 gxf5 30. Kh2 Bxc4 31. Ra1 Rxa1 32. Rxa1 b5 33. Ra7 Ne6
34. Rb7 Kf7 35. g4 Kg6 36. Kg3 c5 37. Rb6 b4 38. gxf5+ Kxf5 39. Rc6 b3 40. h4
Nxf4 41. Rf6+ Kxe5 42. Rxf4 b2 43. Rxc4 b1=Q 44. Rxc5+ Kd4 45. Rf5 Qxf5 0-1

[Event "Weekend Before Xmas"]
[Site "Edmonton CAN"]
[Date "1996.12.21"]
[Round "3"]
[White "Ottosen, David"]
[Black "Gomboc, Dave"]
[Result "0-1"]
[WhiteElo "1980"]
[BlackElo "2080"]
[PlyCount "60"]
[EventDate "1996.12.21"]
[EventType "swiss"]
[EventRounds "5"]
[EventCountry "CAN"]

1. e4 c5 2. Nf3 Nc6 3. Nc3 e6 4. d4 cxd4 5. Nxd4 Nf6 6. Ndb5 d6 7. Bf4 e5 8.
Bg5 a6 9. Na3 b5 10. Bxf6 gxf6 11. Nd5 f5 12. Bd3 Be6 13. c4 bxc4 14. Qa4 Bxd5
15. exd5 cxd3 16. dxc6 Bh6 17. Nc4 Qc7 18. Rd1 e4 19. O-O Rc8 20. Qxa6 Qxc6 21.
Qxc8+ Qxc8 22. Nxd6+ Ke7 23. Nxc8+ Rxc8 24. f4 Bg7 25. Rfe1 Kd6 26. g4 Bxb2 27.
gxf5 Kd5 28. Rd2 Rc2 29. Ree2 Bd4+ 30. Kg2 dxe2 0-1

[Event "Weekend Before Xmas"]
[Site "Edmonton CAN"]
[Date "1996.12.21"]
[Round "3"]
[White "Ristovic, Nenad"]
[Black "Yearwood, Roy"]
[Result "1-0"]
[WhiteElo "2311"]
[BlackElo "2231"]
[PlyCount "89"]
[EventDate "1996.12.21"]
[EventType "swiss"]
[EventRounds "5"]
[EventCountry "CAN"]
[Source "CFC"]
[SourceDate "1997.02.01"]

1. d4 e6 2. c4 Nf6 3. Nc3 Bb4 4. Nf3 b6 5. Bg5 Bb7 6. e3 h6 7. Bh4 g5 8. Bg3
Ne4 9. Qc2 Na6 10. Bd3 f5 11. O-O Bxc3 12. bxc3 Rg8 13. Nd2 Nxd2 14. Qxd2 Qf6
15. f3 d6 16. a4 e5 17. a5 Nb8 18. axb6 cxb6 19. c5 bxc5 20. Bb5+ Ke7 21. dxc5
dxc5 22. Qa2 Rc8 23. Rfd1 Bc6 24. Bxc6 Rxc6 25. Qd5 Qe6 26. Qd8+ Kf7 27. Rab1
Rb6 28. Qh8 Kg6 29. Bxe5 Nd7 30. Qxa8 Nxe5 31. Rxb6 axb6 32. e4 Nc4 33. exf5+
Kxf5 34. Qf8+ Kg6 35. h3 Kh5 36. Qd8 Kh4 37. Qd7 Qe3+ 38. Kh1 Ne5 39. Qd2 Nc4
40. Qxe3 Nxe3 41. Re1 Nd5 42. Kh2 Kh5 43. Re6 Nxc3 44. g4+ Kh4 45. Rxh6# 1-0

[Event "Weekend Before Xmas"]
[Site "Edmonton CAN"]
[Date "1996.12.22"]
[Round "4"]
[White "Dartana, Christiaan"]
[Black "Ottosen, David"]
[Result "0-1"]
[WhiteElo "2040"]
[BlackElo "1980"]
[PlyCount "52"]
[EventDate "1996.12.21"]
[EventType "swiss"]
[EventRounds "5"]
[EventCountry "CAN"]

1. Nf3 e6 2. g3 d5 3. Bg2 Nf6 4. d3 b6 5. O-O Bb7 6. Nbd2 Nbd7 7. Re1 Be7 8. e4
dxe4 9. dxe4 Nc5 10. e5 Nd5 11. a3 Bf8 12. h4 g6 13. Bf1 a6 14. Ng5 Bg7 15. Qf3
O-O 16. b4 Nxb4 17. axb4 Bxf3 18. Ngxf3 Nd7 19. Bb2 Qe7 20. Bg2 c5 21. bxc5
Nxc5 22. Nc4 Qc7 23. Ng5 Rad8 24. Ne4 Nxe4 25. Rxe4 f5 26. Ne3 fxe4 0-1

[Event "Weekend Before Xmas"]
[Site "Edmonton CAN"]
[Date "1996.12.22"]
[Round "5"]
[White "Ottosen, David"]
[Black "Fullbrook, Nigel"]
[Result "1-0"]
[WhiteElo "1980"]
[BlackElo "2275"]
[PlyCount "125"]
[EventDate "1996.12.21"]
[EventType "swiss"]
[EventRounds "5"]
[EventCountry "CAN"]

1. e4 c5 2. Nf3 Nc6 3. Nc3 g6 4. d4 cxd4 5. Nxd4 Bg7 6. Be3 Nf6 7. Nb3 O-O 8.
Be2 d6 9. f4 a5 10. a4 Be6 11. O-O Rc8 12. Bf3 Nb4 13. Nd4 Bc4 14. Re1 Nd7 15.
Qd2 Nc5 16. Rad1 b6 17. f5 Qd7 18. Bh6 Ba6 19. Bxg7 Kxg7 20. Bg4 f6 21. e5 g5
22. exf6+ Rxf6 23. Qxg5+ Kh8 24. Qe3 Rg8 25. Bf3 Rg7 26. Nd5 Nxd5 27. Bxd5 Qxa4
28. Bc6 Qc4 29. b3 Qg8 30. Qf3 Bc8 31. Qh3 d5 32. Re5 e6 33. Rde1 Ne4 34. Re2
Qf8 35. Qh4 Qd6 36. R5xe4 dxe4 37. Qxf6 Qf4 38. Qf8+ Rg8 39. Qf6+ Rg7 40. Rxe4
Qc1+ 41. Kf2 Ba6 42. c4 Qb2+ 43. Re2 Qc3 44. Rxe6 Qd2+ 45. Ne2 h6 46. Re7 Qg5
47. Qxg7+ Qxg7 48. Rxg7 Kxg7 49. Kf3 Kf6 50. Kf4 Bc8 51. g4 Ba6 52. h4 Bc8 53.
g5+ hxg5+ 54. hxg5+ Ke7 55. Ke5 Kf7 56. Nf4 Kg7 57. f6+ Kh8 58. g6 b5 59. g7+
Kh7 60. Be4+ Bf5 61. Bxf5+ Kg8 62. Bg6 a4 63. Nh5 1-0

[Event "Winnipeg"]
[Site "Winnipeg CAN"]
[Date "1996.??.??"]
[Round "?"]
[White "Baragar, Fletcher"]
[Black "Yoos, John"]
[Result "1/2-1/2"]
[WhiteElo "2305"]
[BlackElo "2335"]
[PlyCount "55"]
[EventDate "1996.??.??"]
[EventCountry "CAN"]

1. e4 c5 2. Nf3 Nc6 3. Bb5 g6 4. O-O Bg7 5. Re1 Nf6 6. e5 Nd5 7. Nc3 Nc7 8.
Bxc6 dxc6 9. Ne4 Ne6 10. d3 O-O 11. Be3 b6 12. Qd2 Nd4 13. Nxd4 cxd4 14. Bh6
Qd5 15. Bxg7 Kxg7 16. Qg5 Qe6 17. Ng3 h6 18. Qh4 c5 19. f4 Bb7 20. Re2 Kh7 21.
Rf1 Rg8 22. Ne4 Bxe4 23. Rxe4 Rae8 24. b3 Rg7 25. Qe1 Qc8 26. Rf3 Kh8 27. Qh4
Rh7 28. Qe1 1/2-1/2

[Event "Winnipeg"]
[Site "Winnipeg CAN"]
[Date "1996.??.??"]
[Round "?"]
[White "Yoos, John"]
[Black "Burstow, John"]
[Result "1/2-1/2"]
[WhiteElo "2335"]
[BlackElo "2280"]
[PlyCount "59"]
[EventDate "1996.??.??"]
[EventCountry "CAN"]

1. e4 c5 2. Nf3 Nc6 3. d4 cxd4 4. Nxd4 g6 5. c4 Nf6 6. Nc3 d6 7. Be2 Nxd4 8.
Qxd4 Bg7 9. Bg5 O-O 10. O-O h6 11. Bd2 Nd7 12. Qe3 Qb6 13. Nd5 Qxb2 14. Nxe7+
Kh7 15. Nd5 Qd4 16. Nc7 Rb8 17. Rad1 Qxe3 18. Bxe3 Nc5 19. f3 f5 20. Rxd6 b6
21. exf5 Rxf5 22. f4 Rf7 23. Nd5 Bd7 24. Bxc5 bxc5 25. g4 Bd4+ 26. Kh1 h5 27.
Bd3 Bxg4 28. Bxg6+ Kg7 29. Be4 Rb2 30. Bg2 1/2-1/2

[Event "Winnipeg"]
[Site "Winnipeg CAN"]
[Date "1996.??.??"]
[Round "3"]
[White "Baragar, Fletcher"]
[Black "Sasata, Robert"]
[Result "1/2-1/2"]
[WhiteElo "2335"]
[BlackElo "2330"]
[PlyCount "132"]
[EventDate "1996.??.??"]
[EventCountry "CAN"]

1. c4 g6 2. e4 Bg7 3. d4 d6 4. Nc3 Nc6 5. Be3 e5 6. d5 Nce7 7. Qd2 f5 8. f3 Nf6
9. Bd3 O-O 10. Nge2 Kh8 11. O-O-O f4 12. Bf2 Ne8 13. Kb1 g5 14. c5 g4 15. cxd6
cxd6 16. Rc1 gxf3 17. gxf3 Bh3 18. Rhg1 a6 19. Na4 Bf6 20. Nb6 Rb8 21. Nc3 Ng6
22. Bf1 Bxf1 23. Rcxf1 Bh4 24. a4 Nf6 25. a5 Bxf2 26. Qxf2 Rf7 27. Qg2 Nd7 28.
Nca4 Ndf8 29. Rc1 Qe8 30. h4 h5 31. Qg5 Qd8 32. Qxh5+ Rh7 33. Qg4 Rxh4 34. Rh1
Kg7 35. Rxh4 Qxh4 36. Rc7+ Kh6 37. Qg1 Qg3 38. Qh1+ Nh4 39. Nc4 Nfg6 40. Nxd6
Qxf3 41. Nf5+ Kg5 42. Qg1+ Qg2 43. Rc1 Qxg1 44. Rxg1+ Kf6 45. Nc5 Nxf5 46. Nd7+
Ke7 47. Nxb8 Ng3 48. Kc2 Kd6 49. Kd3 Ne7 50. Rc1 f3 51. Rc2 Ng8 52. Ke3 Nf6 53.
Kxf3 Ngxe4 54. Rc8 Nd2+ 55. Ke2 Nb3 56. Nxa6 Nd4+ 57. Kd3 bxa6 58. Ra8 Kxd5 59.
Rxa6 e4+ 60. Kd2 Ng4 61. Ra8 e3+ 62. Kd3 e2 63. Rd8+ Kc6 64. Re8 Kd7 65. Rxe2
Nxe2 66. Kxe2 Kc6 1/2-1/2

[Event "Winnipeg op"]
[Site "Winnipeg CAN"]
[Date "1996.??.??"]
[Round "?"]
[White "Bollenbach, Brad"]
[Black "Zelkind, Eduard"]
[Result "0-1"]
[WhiteElo "2115"]
[BlackElo "2325"]
[PlyCount "88"]
[EventDate "1996.??.??"]
[EventCountry "CAN"]

1. e4 g6 2. d4 Bg7 3. Nc3 c6 4. f4 d5 5. e5 h5 6. Be3 Nh6 7. Qd2 Bf5 8. g3 Nd7
9. Nh3 Bxh3 10. Bxh3 e6 11. Bf1 Qa5 12. h3 Nf5 13. Bf2 Bf8 14. Rg1 Bb4 15. Bd3
Nxd4 16. Bxd4 c5 17. Bxc5 Qxc5 18. Ke2 Rc8 19. Rgb1 h4 20. g4 b6 21. a3 Bxc3
22. Qxc3 Qxc3 23. bxc3 Rxc3 24. g5 Ke7 25. a4 Rb8 26. Kd2 Rc5 27. Rb5 Kd8 28.
Rab1 Kc7 29. Rg1 a6 30. Rxc5+ Nxc5 31. Rg4 Rh8 32. Rg1 Kb7 33. Ra1 Rc8 34. Ra3
Nxd3 35. cxd3 Rc5 36. Ra1 Ra5 37. Rg1 Rxa4 38. Rg4 Kc6 39. Rxh4 a5 40. Ke3 Kd7
41. Rh7 Ke7 42. h4 Kf8 43. h5 gxh5 44. Rxh5 Kg7 0-1

[Event "Winnipeg op"]
[Site "Winnipeg CAN"]
[Date "1996.??.??"]
[Round "?"]
[White "Yoos, John"]
[Black "Sasata, Robert"]
[Result "1/2-1/2"]
[WhiteElo "2335"]
[BlackElo "2195"]
[PlyCount "33"]
[EventDate "1996.??.??"]
[EventCountry "CAN"]

1. e4 g6 2. d4 Bg7 3. Nc3 c5 4. dxc5 Qa5 5. Bd3 Bxc3+ 6. bxc3 Qxc3+ 7. Bd2 Qxc5
8. Nf3 d6 9. O-O Nf6 10. Rb1 O-O 11. Re1 Nbd7 12. Be3 Qc7 13. Nd4 a6 14. Bg5
Qc5 15. Be3 Qc7 16. Bg5 Qc5 17. Be3 1/2-1/2

[Event "Winnipeg op"]
[Site "Winnipeg CAN"]
[Date "1996.??.??"]
[Round "1"]
[White "Bollenbach, Brad"]
[Black "Yoos, John"]
[Result "1-0"]
[WhiteElo "2115"]
[BlackElo "2335"]
[PlyCount "73"]
[EventDate "1996.??.??"]
[EventCountry "CAN"]

1. e4 c5 2. Nf3 Nc6 3. d4 cxd4 4. Nxd4 Nf6 5. Nc3 e5 6. Ndb5 d6 7. Bg5 a6 8.
Na3 b5 9. Nd5 Be7 10. Bxf6 Bxf6 11. c3 O-O 12. Nc2 Rb8 13. Bd3 Bg5 14. O-O Be6
15. Nce3 Qd7 16. Qe2 Ne7 17. a4 bxa4 18. Bxa6 Bxe3 19. Nxe3 Qc6 20. Bd3 g6 21.
Rfb1 Rb7 22. Nc2 f5 23. Nb4 Qd7 24. Bc4 fxe4 25. Bxe6+ Qxe6 26. Qxe4 d5 27. Qc2
Nf5 28. Qxa4 Nh4 29. Qc6 Qg4 30. Qxd5+ Rbf7 31. h3 Qe2 32. Nd3 Nxg2 33. Kxg2 e4
34. Ne5 Qxf2+ 35. Kh1 Qg3 36. Qe6 Kg7 37. Rg1 1-0

[Event "Winnipeg op"]
[Site "Winnipeg CAN"]
[Date "1996.04.12"]
[Round "1"]
[White "Eckert , Michelle"]
[Black "Stockhausen, Peter"]
[Result "0-1"]
[WhiteElo "1400"]
[BlackElo "1700"]
[PlyCount "67"]
[EventDate "1996.??.??"]
[EventCountry "CAN"]

1. e4 c6 2. d4 d5 3. Nc3 dxe4 4. Nxe4 Bf5 5. f3 Nd7 6. Bf4 Ngf6 7. Bd3 Nd5 8.
Ne2 Nxf4 9. Nxf4 e5 10. dxe5 Nxe5 11. a3 Nxd3+ 12. cxd3 Qd4 13. Qe2 Be7 14. g4
Bxe4 15. fxe4 O-O 16. O-O-O Bg5 17. Rhf1 b5 18. Qf2 c5 19. Qxd4 cxd4 20. Kb1 a5
21. Ne2 b4 22. a4 Rac8 23. Nxd4 Bf6 24. Nb3 Rc7 25. Nxa5 Ra7 26. Rf5 Rfa8 27.
Nb3 Rxa4 28. g5 Bxb2 29. Kxb2 Ra2+ 30. Kb1 R2a3 31. Kb2 Ra2+ 32. Kc1 Rc8+ 33.
Kb1 Rcc2 34. Nc1 0-1

[Event "Winnipeg op"]
[Site "Winnipeg CAN"]
[Date "1996.??.??"]
[Round "1"]
[White "Johnson, Leonard"]
[Black "Schulz, Manfred"]
[Result "1-0"]
[WhiteElo "2270"]
[BlackElo "2105"]
[PlyCount "81"]
[EventDate "1996.??.??"]
[EventCountry "CAN"]

1. d4 c6 2. Nf3 d5 3. c3 Nf6 4. Bf4 Bf5 5. Nbd2 h6 6. g3 Nbd7 7. Bg2 e6 8. O-O
Be7 9. Be5 O-O 10. Bxf6 Bxf6 11. Re1 c5 12. e4 dxe4 13. Nxe4 Bxe4 14. Rxe4 cxd4
15. Nxd4 Nc5 16. Re2 Qb6 17. a4 Rad8 18. a5 Qc7 19. Rd2 Rd7 20. Nb5 Rxd2 21.
Qxd2 Qb8 22. Qe3 b6 23. b4 Nb3 24. Ra3 bxa5 25. Nxa7 a4 26. Rxa4 Rd8 27. Bf3
Nd2 28. Ra2 Nxf3+ 29. Qxf3 Qa8 30. Qxa8 Rxa8 31. b5 Bd8 32. Ra6 Kf8 33. Nc6 Rc8
34. Nxd8 Rxd8 35. c4 Rb8 36. b6 Ke8 37. c5 Kd7 38. Ra7+ Kc6 39. Rc7+ Kb5 40. b7
g5 41. c6 1-0

[Event "Winnipeg op"]
[Site "Winnipeg CAN"]
[Date "1996.??.??"]
[Round "1"]
[White "Langner, David"]
[Black "Baragar, Fletcher"]
[Result "0-1"]
[WhiteElo "2275"]
[BlackElo "2305"]
[PlyCount "64"]
[EventDate "1996.??.??"]
[EventCountry "CAN"]

1. e4 c5 2. Nf3 Nc6 3. d4 cxd4 4. Nxd4 Nf6 5. Nc3 d6 6. Bg5 e6 7. Qd2 a6 8.
O-O-O h6 9. Be3 Be7 10. f4 Bd7 11. Bd3 b5 12. Kb1 Qc7 13. Nf3 b4 14. Ne2 a5 15.
h3 a4 16. Nc1 d5 17. e5 Ne4 18. Bxe4 dxe4 19. Nd4 Nxd4 20. Bxd4 O-O 21. Ne2 Bc6
22. Be3 Bd5 23. Nd4 Rfc8 24. Rhg1 Qc4 25. b3 Qa6 26. g4 Rc3 27. Rg2 axb3 28.
cxb3 Bxb3 29. Nxb3 Rxb3+ 30. Ka1 Rd3 31. Qe1 b3 32. Rdd2 Bb4 0-1

[Event "Winnipeg op"]
[Site "Winnipeg CAN"]
[Date "1996.??.??"]
[Round "2"]
[White "Baragar, Fletcher"]
[Black "Yoos, John"]
[Result "1/2-1/2"]
[WhiteElo "2305"]
[BlackElo "2335"]
[PlyCount "91"]
[EventDate "1996.??.??"]
[EventCountry "CAN"]

1. d4 Nf6 2. c4 g6 3. Nc3 Bg7 4. e4 d6 5. Be2 O-O 6. Nf3 e5 7. O-O Na6 8. Be3
Qe8 9. dxe5 dxe5 10. Nd2 Nd7 11. Nb3 b6 12. f3 Qe7 13. Rc1 Rd8 14. Qe1 c6 15.
Qf2 Rb8 16. Rfd1 Bb7 17. Bf1 Bf8 18. Kh1 Nac5 19. Na1 Ne6 20. Nc2 Kh8 21. Qg3
Bg7 22. b4 Nf6 23. a4 Nh5 24. Qe1 Nd4 25. b5 Qf8 26. Bg5 f6 27. Be3 f5 28. exf5
gxf5 29. Qh4 Nxc2 30. Rxd8 Rxd8 31. Rxc2 Nf6 32. Qg5 f4 33. Bf2 cxb5 34. axb5
e4 35. fxe4 Nxe4 36. Nxe4 Bxe4 37. Rc1 f3 38. gxf3 Qxf3+ 39. Bg2 Rd1+ 40. Rxd1
Qxd1+ 41. Bg1 Bxg2+ 42. Qxg2 h5 43. Qa8+ Kh7 44. Qe4+ Kh6 45. Kg2 Bf6 46. Be3+
1/2-1/2

[Event "Winnipeg op"]
[Site "Winnipeg CAN"]
[Date "1996.??.??"]
[Round "2"]
[White "Bollenbach, Brad"]
[Black "Johnson, Leonard"]
[Result "0-1"]
[WhiteElo "2115"]
[BlackElo "2270"]
[PlyCount "70"]
[EventDate "1996.??.??"]
[EventCountry "CAN"]

1. e4 c5 2. Nf3 Nc6 3. d4 cxd4 4. Nxd4 e5 5. Nb5 d6 6. N1c3 a6 7. Na3 b5 8. Nd5
Nge7 9. c4 Nd4 10. Nc2 Nxc2+ 11. Qxc2 Nxd5 12. cxd5 Bd7 13. Bd3 Be7 14. O-O Rc8
15. Qe2 Bg5 16. b4 O-O 17. a4 bxa4 18. Bxa6 Rxc1 19. Rfxc1 Bxc1 20. Rxc1 Qb6
21. b5 g6 22. Qc4 a3 23. Qb3 f5 24. Qxa3 fxe4 25. Qe3 Qa5 26. Qxe4 Bxb5 27. Bc8
Rxf2 28. Be6+ Kg7 29. Qh4 Rf6 30. h3 Qa7+ 31. Kh2 Bd7 32. Rf1 Rxf1 33. Qe7+ Kh8
34. Qd8+ Be8 35. Qxe8+ Kg7 0-1

[Event "Winnipeg op"]
[Site "Winnipeg CAN"]
[Date "1996.??.??"]
[Round "2"]
[White "Schulz, Manfred"]
[Black "Langner, David"]
[Result "0-1"]
[WhiteElo "2105"]
[BlackElo "2275"]
[PlyCount "134"]
[EventDate "1996.??.??"]
[EventCountry "CAN"]

1. e4 c5 2. Nf3 Nc6 3. d4 cxd4 4. Nxd4 e5 5. Nb5 d6 6. N1c3 a6 7. Na3 b5 8. Nd5
Nge7 9. Bg5 h6 10. Bxe7 Nxe7 11. c4 Nxd5 12. Qxd5 Be6 13. Qd2 b4 14. Nc2 a5 15.
Ne3 Be7 16. Nd5 Bg5 17. Qd3 O-O 18. g3 Qb8 19. Bg2 a4 20. O-O Rc8 21. h4 Bd8
22. b3 Bxd5 23. Qxd5 Bb6 24. Rad1 Bc5 25. Kh1 axb3 26. axb3 Bd4 27. Rxd4 exd4
28. Qxd4 Ra3 29. Qd3 Qb6 30. f4 Re8 31. Rd1 Ra2 32. Rf1 Qc5 33. Bf3 Rf2 34. Rd1
Rb2 35. Rf1 Qc8 36. Bg2 Qg4 37. Re1 Qg6 38. Rf1 Qf6 39. Rc1 Ra2 40. Rd1 Qb2 41.
Qf3 Ra1 42. Kh2 Rxd1 43. Qxd1 Rxe4 44. Qxd6 Re2 45. Qd8+ Kh7 46. Qd3+ g6 47.
Qd5 Kg7 48. Kh3 Re3 49. f5 Qe5 50. Qxe5+ Rxe5 51. fxg6 fxg6 52. Bd5 Re3 53. c5
Kf6 54. c6 Ke7 55. Kg4 Kd6 56. Kf4 Rc3 57. Bf7 Kxc6 58. g4 Rh3 59. h5 gxh5 60.
gxh5 Kd6 61. Kg4 Rh2 62. Kf5 Ke7 63. Bg6 Rh3 64. Bh7 Rg3 65. Ke5 Rxb3 66. Kd4
Rc3 67. Bg6 Rc1 0-1

[Event "Winnipeg op"]
[Site "Winnipeg CAN"]
[Date "1996.??.??"]
[Round "3"]
[White "Langner, David"]
[Black "Bollenbach, Brad"]
[Result "1/2-1/2"]
[WhiteElo "2275"]
[BlackElo "2115"]
[PlyCount "53"]
[EventDate "1996.??.??"]
[EventCountry "CAN"]

1. e4 c5 2. Nf3 d6 3. d4 cxd4 4. Nxd4 Nf6 5. Nc3 a6 6. Bg5 e6 7. f4 Be7 8. Qf3
Qc7 9. O-O-O Nbd7 10. Qg3 b5 11. Bxb5 axb5 12. Ndxb5 Qb8 13. Bxf6 Nxf6 14. e5
O-O 15. exf6 Bxf6 16. a4 d5 17. Rhe1 Bd7 18. b3 Rc8 19. Rd3 Ra6 20. Re2 Kh8 21.
f5 Qb6 22. fxe6 fxe6 23. Qf2 Qb8 24. Qg3 Qb6 25. Qf2 Qb8 26. Qg3 Qb6 27. Qf2
1/2-1/2

[Event "Winnipeg op"]
[Site "Winnipeg CAN"]
[Date "1996.??.??"]
[Round "3"]
[White "Schulz, Manfred"]
[Black "Baragar, Fletcher"]
[Result "1/2-1/2"]
[WhiteElo "2105"]
[BlackElo "2305"]
[PlyCount "71"]
[EventDate "1996.??.??"]
[EventCountry "CAN"]

1. e4 c5 2. Nf3 Nc6 3. d4 cxd4 4. Nxd4 Nf6 5. Nc3 d6 6. Be2 e6 7. Be3 Be7 8.
O-O O-O 9. Kh1 a6 10. a4 Qc7 11. f4 Bd7 12. Nb3 b6 13. Bf3 Rab8 14. Qe2 Nb4 15.
Bg1 Rfe8 16. Rfd1 Bf8 17. Rd2 Bc6 18. Nd4 Bb7 19. Re1 Nd7 20. e5 Nc5 21. Qf2
Red8 22. Qg3 Rbc8 23. f5 Bxf3 24. gxf3 dxe5 25. Qxe5 Qxe5 26. Rxe5 Bd6 27. Ree2
Bf4 28. Rd1 e5 29. Nb3 Rxd1 30. Nxd1 Nxb3 31. cxb3 Rc1 32. Nc3 f6 33. Kg2 b5
34. axb5 axb5 35. Nxb5 Nd3 36. Nc3 1/2-1/2

[Event "Winnipeg op"]
[Site "Winnipeg CAN"]
[Date "1996.??.??"]
[Round "4"]
[White "Baragar, Fletcher"]
[Black "Bollenbach, Brad"]
[Result "1-0"]
[WhiteElo "2305"]
[BlackElo "2115"]
[PlyCount "93"]
[EventDate "1996.??.??"]
[EventCountry "CAN"]

1. d4 Nf6 2. c4 g6 3. Nc3 Bg7 4. e4 d6 5. Be2 O-O 6. Nf3 e5 7. O-O Nc6 8. d5
Ne7 9. Ne1 a5 10. Be3 Nd7 11. a3 f5 12. f3 Kh8 13. b4 b6 14. Nd3 Nf6 15. Rc1 f4
16. Bf2 g5 17. c5 axb4 18. axb4 bxc5 19. bxc5 Bd7 20. c6 Be8 21. Rb1 Bg6 22.
Rb7 Neg8 23. Qb3 g4 24. Bh4 Qc8 25. Nb5 Rf7 26. Nf2 g3 27. Nh3 h6 28. hxg3 fxg3
29. Bxg3 Nh5 30. Bf2 Nf4 31. Nxf4 exf4 32. Nd4 Bxd4 33. Bxd4+ Kh7 34. Ra1 Rxa1+
35. Bxa1 Qd8 36. Qb2 Nf6 37. Rb8 Qe7 38. Bd3 h5 39. Rc8 Kh6 40. Rh8+ Kg5 41. g3
Nxd5 42. Qh2 Bh7 43. Bd4 Nb4 44. gxf4+ Kh6 45. Bb5 Rg7+ 46. Bxg7+ Qxg7+ 47. Qg2
1-0

[Event "Winnipeg op"]
[Site "Winnipeg CAN"]
[Date "1996.??.??"]
[Round "4"]
[White "Johnson, Leonard"]
[Black "Langner, David"]
[Result "1-0"]
[WhiteElo "2270"]
[BlackElo "2275"]
[PlyCount "83"]
[EventDate "1996.??.??"]
[EventCountry "CAN"]

1. d4 Nf6 2. Nf3 g6 3. Bg5 Bg7 4. Nbd2 d6 5. e4 O-O 6. Be2 h6 7. Bh4 Qe8 8. O-O
e5 9. dxe5 dxe5 10. Re1 Nc6 11. c3 Nh5 12. Nc4 Nf4 13. Bf1 Bg4 14. Ne3 Qc8 15.
h3 Be6 16. Nd2 g5 17. Bg3 Rd8 18. Qc2 Ne7 19. b4 Neg6 20. Nb3 b6 21. a4 h5 22.
a5 Qb7 23. a6 Qc6 24. Rad1 Rxd1 25. Rxd1 Qe8 26. Nd5 Rc8 27. c4 c6 28. Ne3 Rd8
29. b5 Rc8 30. Nf5 Bf8 31. Qb2 cxb5 32. cxb5 Rd8 33. Rxd8 Qxd8 34. Qc2 Qd7 35.
Ne3 Ne7 36. h4 g4 37. Bc4 Bxc4 38. Qxc4 Nfg6 39. Nc1 Qc8 40. Nd3 Qxc4 41. Nxc4
f6 42. Nxb6 1-0

[Event "Winnipeg op"]
[Site "Winnipeg CAN"]
[Date "1996.??.??"]
[Round "4"]
[White "Yoos, John"]
[Black "Schulz, Manfred"]
[Result "1-0"]
[WhiteElo "2335"]
[BlackElo "2105"]
[PlyCount "113"]
[EventDate "1996.??.??"]
[EventCountry "CAN"]

1. e4 c6 2. d4 d5 3. e5 Bf5 4. Nc3 Qb6 5. a3 a5 6. h3 h5 7. Bd3 Bxd3 8. Qxd3 e6
9. Nf3 Qa6 10. Qd1 g6 11. Ne2 c5 12. O-O Nd7 13. Bg5 Ne7 14. Nc3 Nc6 15. a4
Nxd4 16. Nxd4 cxd4 17. Nb5 Rc8 18. Re1 Bc5 19. Qf3 Qc6 20. Rad1 Qb6 21. Re2 Rc6
22. Rd3 Rc8 23. Rxd4 Rc6 24. Rf4 O-O 25. Bh6 Qd8 26. Bxf8 Qxf8 27. Qg3 Qg7 28.
Rf3 Nb6 29. b3 Nd7 30. Qg5 Rc8 31. Rc3 Rf8 32. Kh1 Kh7 33. f4 b6 34. Rf3 Kg8
35. c3 Re8 36. Qh4 Be7 37. Qf2 Nc5 38. c4 dxc4 39. bxc4 Nxa4 40. Rd3 Nc5 41.
Rd1 Qf8 42. Qf3 Rd8 43. Red2 Rxd2 44. Rxd2 Qc8 45. Na7 Qa6 46. Nb5 Qc8 47. Nd6
Qa6 48. Qc6 Bxd6 49. exd6 Qxc4 50. d7 Qf1+ 51. Kh2 Qxf4+ 52. Kg1 Qe3+ 53. Rf2
Qe1+ 54. Rf1 Qe3+ 55. Kh1 Ne4 56. d8=Q+ Kg7 57. Rxf7+ 1-0

[Event "Winnipeg op"]
[Site "Winnipeg CAN"]
[Date "1996.??.??"]
[Round "5"]
[White "Baragar, Fletcher"]
[Black "Johnson, Leonard"]
[Result "1-0"]
[WhiteElo "2305"]
[BlackElo "2270"]
[PlyCount "75"]
[EventDate "1996.??.??"]
[EventCountry "CAN"]

1. d4 Nf6 2. c4 c5 3. d5 b5 4. Nf3 g6 5. Qc2 b4 6. e4 d6 7. Be2 Bg7 8. O-O O-O
9. h3 Nbd7 10. a3 a5 11. Be3 b3 12. Qd3 Nxe4 13. Qxe4 Bxb2 14. Nbd2 Bxa1 15.
Rxa1 a4 16. Qh4 f6 17. Bd3 Rf7 18. Ne4 Nf8 19. Bd2 Bf5 20. Bc3 Bxe4 21. Qxe4
Nd7 22. Re1 Ne5 23. Bb1 Nxf3+ 24. Qxf3 Rb8 25. Bb2 Qa5 26. Qd1 Qa6 27. Qd3 Rg7
28. Re6 Rf8 29. Qe2 Qb7 30. h4 Rff7 31. g4 g5 32. h5 h6 33. Bg6 Rf8 34. Qe4 Kh8
35. f4 Rfg8 36. fxg5 hxg5 37. h6 Rxg6 38. Rxe7 1-0

[Event "Winnipeg op"]
[Site "Winnipeg CAN"]
[Date "1996.??.??"]
[Round "5"]
[White "Bollenbach, Brad"]
[Black "Schulz, Manfred"]
[Result "1-0"]
[WhiteElo "2115"]
[BlackElo "2105"]
[PlyCount "51"]
[EventDate "1996.??.??"]
[EventCountry "CAN"]

1. e4 c6 2. d4 d5 3. exd5 cxd5 4. Bd3 Nc6 5. c3 Nf6 6. Bf4 Bg4 7. Qb3 Qc8 8.
Nd2 e6 9. Ngf3 Be7 10. O-O O-O 11. Rae1 Bh5 12. Ne5 Nxe5 13. Bxe5 Bg6 14. Qc2
a6 15. f4 Bxd3 16. Qxd3 g6 17. Bxf6 Bxf6 18. g4 Qc6 19. Qh3 Rae8 20. Nf3 b5 21.
Re3 Qd6 22. Ng5 Bxg5 23. fxg5 f5 24. gxf6 Rf7 25. g5 Rc7 26. f7+ 1-0